Cinderella (Disney) - Statistics

General Stats
  • This quiz has been taken 963 times
  • The average score is 9 of 19
Answer Stats
Hint Answer % Correct
Princess Cinderella
98%
Songs Cinderella
98%
Villain Lady Tremaine
83%
Has magic powers Fairy godmother
80%
Gus
72%
Cat Lucifer
65%
Cinderella's stepsisters Anastasia
64%
Mice male duo Jaq
56%
Drizella
55%
A dream is a wish your heart makes
41%
Disney parks with Cinderella's Castle Magic Kingdom
41%
Year of release 1950
39%
So This Is Love
32%
Bibbidi-Bobbidi-Boo
22%
Oh, Sing Sweet Nightingale
19%
Voice of ^ Ilene Woods
15%
The Work Song
11%
Voice of ^ Eleanor Audley
10%
Tokyo Disneyland
7%
No matching quizzes found
Score Distribution
Percent of People with Each Score
Percentile by Number Answered
Your Score History
You have not taken this quiz